000 00320nam a22001337a 4500
003 OSt
008 220825b |||||||| |||| 00| 0 eng d
082 _a796
_bNGO/GE
100 _aNational games organisation committe
_95243
245 _aGet set play
260 _aThiruvananthapuram
_c2015
300 _a204
942 _cBK
999 _c17544
_d17544